| 000 -LEADER |
| fixed length control field |
00781nam a22002415a 4500 |
| 001 - CONTROL NUMBER |
| control field |
14498 |
| 003 - CONTROL NUMBER IDENTIFIER |
| control field |
BD-DhUAP |
| 005 - DATE AND TIME OF LATEST TRANSACTION |
| control field |
20200202143825.0 |
| 008 - FIXED-LENGTH DATA ELEMENTS--GENERAL INFORMATION |
| fixed length control field |
200202s1991 bg b 000 0 eng d |
| 040 ## - CATALOGING SOURCE |
| Original cataloging agency |
DLC |
| Transcribing agency |
BD-DhUAP |
| Language of cataloging |
Eng |
| Modifying agency |
BD-DhUAP |
| 082 ## - DEWEY DECIMAL CLASSIFICATION NUMBER |
| Edition number |
23 |
| Classification number |
341.448095492 RAH |
| 100 1# - MAIN ENTRY--PERSONAL NAME |
| Personal name |
Rahman, M. Habibur. |
| 245 10 - TITLE STATEMENT |
| Title |
Delimitation of maritime boundaries / |
| Statement of responsibility, etc. |
M. Habibur Rahman. |
| 250 ## - EDITION STATEMENT |
| Edition statement |
1st ed. |
| 260 ## - PUBLICATION, DISTRIBUTION, ETC. |
| Place of publication, distribution, etc. |
Rajshahi, Bangladesh : |
| Name of publisher, distributor, etc. |
Rajshahi University, |
| Date of publication, distribution, etc. |
c1991. |
| 300 ## - PHYSICAL DESCRIPTION |
| Extent |
xvi, 310 pages ; |
| Dimensions |
22 cm. |
| 505 ## - FORMATTED CONTENTS NOTE |
| Formatted contents note |
Includes bibliographical references. |
| 650 ## - SUBJECT ADDED ENTRY--TOPICAL TERM |
| Topical term or geographic name entry element |
Territorial waters. |
| Geographic subdivision |
Bangladesh. |
| 650 ## - SUBJECT ADDED ENTRY--TOPICAL TERM |
| Topical term or geographic name entry element |
Economic zones |
| Form subdivision |
Law of the sea. |
| Geographic subdivision |
Bangladesh |
| -- |
India. |
| 906 ## - LOCAL DATA ELEMENT F, LDF (RLIN) |
| a |
7 |
| b |
ibc |
| c |
orignew |
| d |
3 |
| e |
ncip |
| f |
19 |
| g |
y-gencatlg |
| 942 ## - ADDED ENTRY ELEMENTS (KOHA) |
| Source of classification or shelving scheme |
|
| Koha item type |
Book |